<?xml version='1.0' encoding='UTF-8'?>
  <record xmlns="http://www.loc.gov/MARC21/slim">
    <leader>00000cam a2200000 i 4500</leader>
    <controlfield tag="001">ocn902189427</controlfield>
    <controlfield tag="003">OCoLC</controlfield>
    <controlfield tag="005">20251028011916.3</controlfield>
    <controlfield tag="008">150127s1534    fr            000 0 lat d</controlfield>
    <datafield tag="040" ind1=" " ind2=" ">
      <subfield code="a">NLGGC</subfield>
      <subfield code="b">dut</subfield>
      <subfield code="e">fobidrtb</subfield>
      <subfield code="c">NLGGC</subfield>
      <subfield code="d">QGJ</subfield>
      <subfield code="d">OCLCA</subfield>
      <subfield code="d">OCLCQ</subfield>
      <subfield code="d">OCLCO</subfield>
      <subfield code="d">OCLCL</subfield>
      <subfield code="d">OCLCA</subfield>
    </datafield>
    <datafield tag="029" ind1="0" ind2=" ">
      <subfield code="a">NLGGC</subfield>
      <subfield code="b">388604980</subfield>
    </datafield>
    <datafield tag="035" ind1=" " ind2=" ">
      <subfield code="a">(OCoLC)902189427</subfield>
    </datafield>
    <datafield tag="100" ind1="1" ind2=" ">
      <subfield code="a">Bucoldianus, Gerardus,</subfield>
      <subfield code="d">1527-1594.</subfield>
      <subfield code="1">https://id.oclc.org/worldcat/entity/E39PCjB46HfjXD337Mb3Bphk8P</subfield>
    </datafield>
    <datafield tag="245" ind1="1" ind2="0">
      <subfield code="a">Gerardi Bucoldiani De inventione et amplificatione oratioria, seu usu locorum, libri tres :</subfield>
      <subfield code="b">Epitome in rhetoricam Ciceronis utranque /</subfield>
      <subfield code="c">autore Conrade Celte. Progymnasmata Petri Mosellani in privatum discipulorum suorum usum comparata / eorum ferme omnium quae rhetores in orationem venire adserunt ex Cicerone index. Dragmata locorum tam rhetoricorum, quam dialecticorum, ex optimis quibusque autoribus depromptis ; autore Christophore Hegendorphino.</subfield>
    </datafield>
    <datafield tag="246" ind1="3" ind2=" ">
      <subfield code="a">De inventione et amplificatione oratioria, seu usu locorum, libri tres</subfield>
    </datafield>
    <datafield tag="246" ind1="3" ind2=" ">
      <subfield code="a">Epitome in rhetoricam Ciceronis utranque</subfield>
    </datafield>
    <datafield tag="246" ind1="3" ind2=" ">
      <subfield code="a">Progymnasmata in privatum discipulorum suorum usum comparata</subfield>
    </datafield>
    <datafield tag="246" ind1="3" ind2=" ">
      <subfield code="a">Progymnasmata, sive Praeceptiones in primatum disciplinorum suorum usum comparatae</subfield>
    </datafield>
    <datafield tag="246" ind1="3" ind2=" ">
      <subfield code="a">Dragmata locorum tam rhetoricorum, quam dialecticorum</subfield>
    </datafield>
    <datafield tag="260" ind1=" " ind2=" ">
      <subfield code="a">Argentorati :</subfield>
      <subfield code="b">[Excudebat Joannes Albertus],</subfield>
      <subfield code="c">1534.</subfield>
    </datafield>
    <datafield tag="300" ind1=" " ind2=" ">
      <subfield code="a">[16], 367 p. ;</subfield>
      <subfield code="c">16 cm</subfield>
    </datafield>
    <datafield tag="336" ind1=" " ind2=" ">
      <subfield code="a">tekst</subfield>
      <subfield code="b">txt</subfield>
      <subfield code="2">rdacontent/dut</subfield>
    </datafield>
    <datafield tag="337" ind1=" " ind2=" ">
      <subfield code="a">zonder medium</subfield>
      <subfield code="b">n</subfield>
      <subfield code="2">rdamedia/dut</subfield>
    </datafield>
    <datafield tag="338" ind1=" " ind2=" ">
      <subfield code="a">band</subfield>
      <subfield code="b">nc</subfield>
      <subfield code="2">rdacarrier/dut</subfield>
    </datafield>
    <datafield tag="340" ind1=" " ind2=" ">
      <subfield code="m">8vo</subfield>
      <subfield code="2">rdabf</subfield>
    </datafield>
    <datafield tag="500" ind1=" " ind2=" ">
      <subfield code="a">Colofon: Argentorati excvdebat Ioannes Albertvs [=Johann Albrecht].</subfield>
    </datafield>
    <datafield tag="500" ind1=" " ind2=" ">
      <subfield code="a">Drukkersmerk op p. 367 verso.</subfield>
    </datafield>
    <datafield tag="500" ind1=" " ind2=" ">
      <subfield code="a">Met eigen titelp. en doorlopende pag.: Epitome in rhetoricam Ciceronis utranque / autore Conrado Celte. Progymnasmata, sive Praeceptiones Petri Mosel[sic]ani Protegensis, in primatum disciplinorum suorum usum comparatae.</subfield>
    </datafield>
    <datafield tag="500" ind1=" " ind2=" ">
      <subfield code="a">Progymnasmata van Petrus Moselanus ook nog met eigen titelp. o.d.t.: De primis apud rhetorem exercitationibus praeceptiones Petri Mosellani in privatum discipulorum suorum usum comparatae.</subfield>
    </datafield>
    <datafield tag="500" ind1=" " ind2=" ">
      <subfield code="a">Met eigen titelp. en doorlopende pag.: Dragmata locorum tam rhetoricorum, quam dialecticorum, una cum exemplis, ex optimis quibusque autoribus depromptis ... / autore Christophoro Hegendorphino.</subfield>
    </datafield>
    <datafield tag="510" ind1="4" ind2=" ">
      <subfield code="a">Verzeichnis der im deutschen Sprachbereich erschienenen Drucke des 16. Jahrhunderts (VD 16),</subfield>
      <subfield code="c">B 9064</subfield>
    </datafield>
    <datafield tag="600" ind1="1" ind2="4">
      <subfield code="a">Cicero, Marcus Tullius,</subfield>
      <subfield code="d">106-43 v. Chr.</subfield>
    </datafield>
    <datafield tag="700" ind1="1" ind2=" ">
      <subfield code="a">Cicero, M. Tullius</subfield>
      <subfield code="q">(Marcus Tullius),</subfield>
      <subfield code="d">106-43 v. Chr.</subfield>
      <subfield code="1">https://id.oclc.org/worldcat/entity/E39PCjxmp4wP3BRF6RbHVG67pP</subfield>
    </datafield>
    <datafield tag="700" ind1="1" ind2=" ">
      <subfield code="a">Celtis, Conradus,</subfield>
      <subfield code="d">1459-1508.</subfield>
      <subfield code="1">https://id.oclc.org/worldcat/entity/E39PBJtcCYJfjcCkvmQH7gWv73</subfield>
    </datafield>
    <datafield tag="700" ind1="1" ind2=" ">
      <subfield code="a">Hegendorphinus, Christophorus,</subfield>
      <subfield code="d">1500-1540</subfield>
      <subfield code="1">https://id.oclc.org/worldcat/entity/E39PBJh8RHhJykhYCj83xMV9jC</subfield>
    </datafield>
    <datafield tag="700" ind1="1" ind2=" ">
      <subfield code="a">Albertus, Ioannes.</subfield>
      <subfield code="4">prt</subfield>
    </datafield>
    <datafield tag="752" ind1=" " ind2=" ">
      <subfield code="a">Frankrijk</subfield>
      <subfield code="d">Straatsburg.</subfield>
      <subfield code="4">mfp</subfield>
    </datafield>
    <datafield tag="758" ind1=" " ind2=" ">
      <subfield code="a">GERARDI BVKOLDIANI DE IN/VENTIONE ET AMPLIFI-catione oratoria, seu usu locorum, libri tres (Text)</subfield>
      <subfield code="1">https://id.oclc.org/worldcat/entity/E39PCGqMvk63t7QkrGkYrmfyVC</subfield>
      <subfield code="4">https://id.oclc.org/worldcat/ontology/hasWork</subfield>
    </datafield>
  </record>